Obálka Náhled e-knihy:
PDF Epub
Pro půjčování e-knih musíte být přihlášeni.
Jak si půjčit online?

Válka memů. Kniha první, Šedá zóna /

První kniha sci-fi ságy českého autora zavádí čtenáře do blízké budoucnosti, v níž lidstvo stojí před celoplanetárním konfliktem.

Uloženo v:
Série:Válka memů, část 1
Hlavní autor: Šusta, Richard, 1956- (Autor)
Médium: E-kniha
Jazyk:Czech
Vydáno: Praha : Brokilon, 2018
Vydání:Vydání první
Edice:Evropská space opera
Témata:
Příbuzné jednotky:Z cyklu:: Válka memů
Tagy:
Žádné tagy
LEADER 02812nam a2200433 i 4500
001 310974
003 CZ PrSKC
005 20260601215657.0
007 ta
008 181219s2018 xr g 000 f cze
015 |a cnb003064654 
020 |a 9788074564383  |q (brožováno) :  |c Kč 348,00 
035 |a (OCoLC)1085412434 
040 |a BOA001  |b cze  |e rda 
072 7 |a 821.162.3-3  |x Česká próza  |2 Konspekt 
080 |a 821.162.3-31  |2 MRF 
080 |a (0:82-311.9)  |2 MRF 
100 1 |a Šusta, Richard,  |d 1956-  |7 ntka174671  |4 aut 
245 1 0 |a Válka memů.  |n Kniha první,  |p Šedá zóna /  |c Richard Šusta 
246 3 0 |a Šedá zóna 
250 |a Vydání první 
264 1 |a Praha :  |b Brokilon,  |c 2018 
300 |a 534 stran ;  |c 18 cm 
336 |a text  |b txt  |2 rdacontent 
337 |a bez média  |b n  |2 rdamedia 
338 |a svazek  |b nc  |2 rdacarrier 
490 1 |a Evropská space opera 
520 2 |a První kniha sci-fi ságy českého autora zavádí čtenáře do blízké budoucnosti, v níž lidstvo stojí před celoplanetárním konfliktem.  |b Lidstvo kolonizuje Sluneční soustavu, ale ještě necestuje ke hvězdám. Vyspělé země si udržují stabilní ekonomiky a šíří se v nich prvomemistické hnutí propagující ekologii a odzbrojení. Jeho zdánlivě mírumilovné aktivity přibližují svět ke kosmické válce. Otevřené boje začnou až za tři a půl roku, ale tajní agenti už teď operují v šedé zóně, kde se nerespektují zákony a nešetří civilisté. Avien Helm se chystá oslavit jedenadvacáté narozeniny, ale připlete se do likvidační akce, z níž jsou podezíraní prvomemisté. Zatímco se léčí z následků, nepřátelé jeho rodiny ho připraví o veškerý majetek. Při pátrání po vinících pracuje pro řadu skupin. Stane se policistou, pašerákem islámského klanu, pilotem na Marsu a vojákem nejnebezpečnější jednotky světa. Odkrývá identitu vrahů, ale i tajemství celosvětového konfliktu, kterému dává jméno Válka memů. Nakladatelská anotace. Kráceno. 
655 7 |a české romány  |7 fd133974  |2 czenas 
655 7 |a vědecko-fantastické romány  |7 fd133847  |2 czenas 
655 9 |a Czech fiction  |2 eczenas 
655 9 |a science fiction novels  |2 eczenas 
787 0 8 |i Z cyklu:  |t Válka memů  |g 1 
830 0 |a Evropská space opera 
900 |a ABA001  |b 19 
044 |a xr 
910 |a RBIT002 
998 |d 180108  |a https://core.palmknihy.cz/api/books/180108/cover?she8x4  |b https://core.palmknihy.cz/api/books/180108/cover/400?she8x4  |c https://core.palmknihy.cz/api/books/180108/cover/50?she8x4  |e   |g 534  |i 9788074564383  |j https://core.palmknihy.cz/api/books/180108/preview.epub  |k https://core.palmknihy.cz/api/books/180108/preview.pdf  |l   |q 49  |r 1  |s https://www.palmknihy.cz/kniha/180108  |t ebook  |y 2018  |z 0  |v Válka memů  |w 1 
999 |d 310972